000 00663cam a22002053a 4500
001 39106
003 PGUSA
005 20140828083851.0
008 120311s2012||||xxu|||||s|||||000 | eng d
040 _aPGUSA
_beng
042 _adc
100 1 _aCurtin, Jeremiah,
_d1835-1906
245 1 0 _aCreation Myths of Primitive America :
_bIn relation to the Religious History and Mental Development of Mankind
_h[electronic resource] /
_cJeremiah Curtin
260 _bProject Gutenberg,
_c2012
506 _aPublic domain in the USA.
516 _aElectronic text
830 0 _aProject Gutenberg
_v39106
856 4 0 _uhttp://www.gutenberg.org/ebooks/39106
942 _cEB
999 _c268359
_d268359